Ghuliā Sonā. (Record no. 84947)

MARC details
000 -LEADER
fixed length control field 00715cam a22002411 4500
001 - CONTROL NUMBER
control field sa 68013131
003 - CONTROL NUMBER IDENTIFIER
control field DLC
005 - DATE AND TIME OF LATEST TRANSACTION
control field 20260227112619.0
008 - FIXED-LENGTH DATA ELEMENTS--GENERAL INFORMATION
fixed length control field 900226s1968 ii 000 0 panr
010 ## - LIBRARY OF CONGRESS CONTROL NUMBER
LC control number sa 68013131
025 ## - OVERSEAS ACQUISITION NUMBER
Overseas acquisition number PL480:I-Pu-1352
035 ## - SYSTEM CONTROL NUMBER
System control number (OCoLC)21122665
040 ## - CATALOGING SOURCE
Original cataloging agency DLC
Transcribing agency MiEM
Modifying agency MiEM
-- DLC
042 ## - AUTHENTICATION CODE
Authentication code premarc
050 00 - LIBRARY OF CONGRESS CALL NUMBER
Classification number HN683.5
Item number .S35
100 1# - MAIN ENTRY--PERSONAL NAME
Personal name Sayyadvi, Tara Singh,
Dates associated with a name 1894-
245 10 - TITLE STATEMENT
Title Ghuliā Sonā.
Statement of responsibility, etc. [Lekhaka] Tārā Siṅgha 'Sayadawī.'
260 ## - PUBLICATION, DISTRIBUTION, ETC.
Place of publication, distribution, etc. Amritasara,
Name of publisher, distributor, etc. Talawāṛa Book Company
Date of publication, distribution, etc. [1968?]
300 ## - PHYSICAL DESCRIPTION
Extent 136 p.
Dimensions 19 cm.
500 ## - GENERAL NOTE
General note On verso of t.p.: Prakāshaka Sāhita Maṇḍala.
500 ## - GENERAL NOTE
General note In Panjabi.
651 #0 - SUBJECT ADDED ENTRY--GEOGRAPHIC NAME
Geographic name India
General subdivision Social conditions
Chronological subdivision 1947-

No items available.

Powered by Koha